| 000 | 00615nam a2200193Ii 4500 | ||
|---|---|---|---|
| 003 | JO-AjNU | ||
| 008 | 230605s9999||||xx |||||||||||||| ||und|| | ||
| 040 |
_aJO-AjNU _bara _erda _cJO-AjNU |
||
| 041 | _aara | ||
| 050 | 1 | 4 | _aLB885.R85 1964 |
| 100 | 3 |
_aرسل،برتراند مؤلف/عبده،سمير مترجم, _eauthor _917832 |
|
| 245 | 0 | 0 | _aفي التربية.. |
| 264 | 3 | 1 | _aبيروت:دار مكتبة الحياة،1964 |
| 300 | _a215ص | ||
| 336 |
_atext _btxt _2rdacontent |
||
| 337 |
_aunmediated _bn _2rdamedia |
||
| 338 |
_avolume _bnc _2rdacarrier |
||
| 650 | 4 |
_aالتربية-المدارس _917833 |
|
| 999 |
_aA5591 _c9159 _d9159 |
||